<?xml version="1.0" encoding="UTF-8"?>
<record
    xmlns:xsi="http://www.w3.org/2001/XMLSchema-instance"
    xsi:schemaLocation="http://www.loc.gov/MARC21/slim http://www.loc.gov/standards/marcxml/schema/MARC21slim.xsd"
    xmlns="http://www.loc.gov/MARC21/slim">

  <leader>00833nam a22002537a 4500</leader>
  <controlfield tag="005">20170123162345.0</controlfield>
  <datafield tag="010" ind1=" " ind2=" ">
    <subfield code="a">734818</subfield>
  </datafield>
  <datafield tag="020" ind1=" " ind2=" ">
    <subfield code="c">4.00</subfield>
  </datafield>
  <datafield tag="035" ind1=" " ind2=" ">
    <subfield code="a">734818</subfield>
  </datafield>
  <datafield tag="037" ind1=" " ind2=" ">
    <subfield code="b">Cen Lib/Ret</subfield>
  </datafield>
  <datafield tag="040" ind1=" " ind2=" ">
    <subfield code="a">DPL</subfield>
    <subfield code="b">UR</subfield>
  </datafield>
  <datafield tag="082" ind1=" " ind2=" ">
    <subfield code="a">270</subfield>
    <subfield code="b">&#x627; &#x628; &#x648; </subfield>
  </datafield>
  <datafield tag="100" ind1=" " ind2=" ">
    <subfield code="a">&#x627;&#x628;&#x648; &#x627;&#x644;&#x62D;&#x633;&#x646; &#x646;&#x62F;&#x648;&#x6CC; </subfield>
    <subfield code="9">107741</subfield>
  </datafield>
  <datafield tag="245" ind1=" " ind2=" ">
    <subfield code="a">&#x67E;&#x627;&#x686;&#x627; &#x633;&#x631;&#x627;&#x63A; &#x632;&#x646;&#x62F;&#x6AF;&#x6CC; /</subfield>
    <subfield code="c">&#x627;&#x628;&#x648; &#x627;&#x644;&#x62D;&#x633;&#x646; &#x646;&#x62F;&#x648;&#x6CC; </subfield>
  </datafield>
  <datafield tag="246" ind1=" " ind2=" ">
    <subfield code="b">Pacha suragh zindagi /</subfield>
    <subfield code="a">by Abul Hasan Nadvi </subfield>
  </datafield>
  <datafield tag="260" ind1=" " ind2=" ">
    <subfield code="a">&#x644;&#x6A9;&#x6BE;&#x646;&#x624; </subfield>
    <subfield code="b">&#x627;&#x646;&#x62C;&#x645;&#x646; &#x637;&#x644;&#x628;&#x627;&#x6D2;  &#x628;&#x6BE;&#x679;&#x6A9;&#x644; </subfield>
    <subfield code="c">1973</subfield>
  </datafield>
  <datafield tag="270" ind1=" " ind2=" ">
    <subfield code="b">&#x644;&#x6A9;&#x6BE;&#x646;&#x624; </subfield>
    <subfield code="a">&#x62F;&#x627;&#x631;&#x644; &#x639;&#x644;&#x648;&#x645; &#x646;&#x62F;&#x648;&#x627;&#x637;&#x644; </subfield>
  </datafield>
  <datafield tag="300" ind1=" " ind2=" ">
    <subfield code="a">159p.</subfield>
    <subfield code="c">21cm(Hb)</subfield>
  </datafield>
  <datafield tag="650" ind1=" " ind2=" ">
    <subfield code="a">&#x645;&#x630;&#x6C1;&#x628; -- &#x627;&#x633;&#x644;&#x627;&#x645; </subfield>
    <subfield code="9">130719</subfield>
  </datafield>
  <datafield tag="650" ind1=" " ind2=" ">
    <subfield code="a">&#x627;&#x633;&#x644;&#x627;&#x645;&#x6CC; &#x67E;&#x648;&#x631;&#x627;&#x646;&#x6CC;&#x6A9;</subfield>
    <subfield code="9">111697</subfield>
  </datafield>
  <datafield tag="650" ind1=" " ind2=" ">
    <subfield code="a">Religion -- Islam</subfield>
    <subfield code="9">92070</subfield>
  </datafield>
  <datafield tag="650" ind1=" " ind2=" ">
    <subfield code="a">Islamic mitheology</subfield>
    <subfield code="9">130720</subfield>
  </datafield>
  <datafield tag="942" ind1=" " ind2=" ">
    <subfield code="2">ddc</subfield>
    <subfield code="c">UR</subfield>
    <subfield code="h">270</subfield>
    <subfield code="m">&#x627; &#x628; &#x648; </subfield>
  </datafield>
  <datafield tag="999" ind1=" " ind2=" ">
    <subfield code="c">108844</subfield>
    <subfield code="d">108844</subfield>
  </datafield>
  <datafield tag="952" ind1=" " ind2=" ">
    <subfield code="0">0</subfield>
    <subfield code="1">0</subfield>
    <subfield code="4">0</subfield>
    <subfield code="7">0</subfield>
    <subfield code="a">L</subfield>
    <subfield code="b">L</subfield>
    <subfield code="d">2016-02-05</subfield>
    <subfield code="e">Cen Lib/Ret</subfield>
    <subfield code="g">4.00</subfield>
    <subfield code="l">0</subfield>
    <subfield code="o">270 &#x627; &#x628; &#x648;</subfield>
    <subfield code="p">734818</subfield>
    <subfield code="r">2016-02-05 00:00:00</subfield>
    <subfield code="t">1</subfield>
    <subfield code="v">4.00</subfield>
    <subfield code="w">2016-02-05</subfield>
    <subfield code="y">UR</subfield>
  </datafield>
</record>
